01695cam a22003375a 4500001001000000003000400010005001700014008004100031020001800072040004600090082002000136245014200156250001300298260004600311300002100357500003200378504005100410520032200461650002400783650005100807651001000858653003400868653002400902700002900926700002900955700003000984942000801014999001701022952015701039952016101196016821660OSt20170108102005.0140730s2015 enk frb 001 0 eng d a9780199641451 aStDuBDSbengcStDuBDSdEG-ScBUEdEG-ScBUE04a340.59bISL22200aIslamic law and international human rights law :bsearching for common ground? /cedited by Anver M. Emon, Mark S. Ellis, Benjamin Glahn. a1st imp. aOxford :bOxford University Press,c2015. a400 p. ;c24 cm. aOriginally published: 2012. aIncludes bibliographical references and index. aDeepening the discussion of the relationship between Islamic law and human rights, this volume gathers leading experts in both fields to examine how each system protects and limits fundamental freedoms. From gender equality to freedom of religion it explores the debate, examining the operation of the law in context. 0aIslamic law.2BUEsh 0aHuman rightsxReligious aspectszIslam.2BUEsh 2BUEsh bHHUUEENNbLLAAWWcOctober2016 bBUSBOLcJanuary20171 aEmon, Anver M.,eeditor.1 aEllis, Mark S.,eeditor.1 aGlahn, Benjamin,eeditor. 2ddc c22579d22551 00102ddc40708AcademicaMAINbMAINc1STd2016-10-15ePurchaseg325.00h9130l1m7o340.59 ISLp000034073r2025-07-15 00:00:00s2017-01-31v406.25yBB 00102ddc40708AcademicaMAINbMAINc1STd2017-01-08ePurchaseg325.00h2000089l2m24o340.59 ISLp000040778r2025-07-15 00:00:00s2018-02-28v406.25yBB